Technological change and women's work experience : alternative methodological perspectives

Αποθηκεύτηκε σε:
Λεπτομέρειες βιβλιογραφικής εγγραφής
Κύριος συγγραφέας: Burnell, Barbara S.
Μορφή: Βιβλίο
Γλώσσα:English
Δημοσίευση: Westpoint, Connecticut : Bergin & Garvey, c1993
Θέματα:
Ετικέτες: Προσθήκη ετικέτας
Δεν υπάρχουν, Καταχωρήστε ετικέτα πρώτοι!

MARC

LEADER 00000nam a2200000 i 4500
001 1/74041
008 990324s1993 eng d
020 |a 0-89789-292-5 
035 |l 10048960 
040 |a GR-MY-UA  |b gre  |e aacr 
041 0 |a eng 
082 0 |a 331.425 
100 1 |a Burnell, Barbara S. 
245 1 0 |a Technological change and women's work experience :  |b alternative methodological perspectives /  |c Barbara S. Burnell 
260 |a Westpoint, Connecticut :   |b Bergin & Garvey,   |c c1993 
300 |a 210 p. 
504 |a Includes bibliographical references and index 
650 0 0 |a Women  |x Employment  |x Effect of technological innovations on. 
852 |a INST  |b LESVOS  |e 19990324  |h 331.425 BUR  |p 005100016741  |q 005100016741  |t BK  |y 0 
901 |a BIBL-1999-1 
909 |a Λ  |b 061971 
922 |a 1ΕΛΗ  |b 199811  |c ΚΠΣ/ΤΚ  |d ΠΑΠΑΣΩΤΗΡΙΟΥ 
950 |a 103-1998-07-27